• 首页
  • 本馆介绍
  • 公告通知
  • 最新文献
  • 馆藏检索
  • 电子资源
  • 读者导购
  • 参考咨询
  • 我的图书馆
  • 登录
  • 详细信息显示
  • 放入我的书架
  • 预约/预借图书
  • 作者相关作品
  • 分类相关作品
  • 丛书相关作品
  • 出版社相关作品

书目信息

  • 表格格式
  • 工作单格式
  • 卡片格式
题名:
《新周刊》2013年度佳作
    
 
作者: ;新周刊杂志社 选编
分册:   不明觉厉
出版信息: 桂林   漓江出版社  2014.01
页数: 357页
开本: 23cm
丛书名:
单 册:
中图分类: C55
科图分类:
主题词: 文摘--中国--丛刊 , 文摘
电子资源:
ISBN: 978-7-5407-6881-2
000 00814nam0 2200253 450
001 0120131190966
005 20140610102847.06
010    @a978-7-5407-6881-2@dCNY35.00
100    @a20131231d2014 em y0chiy0110 ea
101 0  @achi
102    @aCN@b450000
105    @aa z 000yy
106    @ar
200 1  @a《新周刊》2013年度佳作@9《 xin zhou kan 》2013 nian du jia zuo@i不明觉厉@f《新周刊》杂志社选编
210    @a桂林@c漓江出版社@d2014.01
215    @a357页@c图@d23cm
330    @a本书共分为五部分,主要内容包括:不明觉历;悲观是我们共同的信仰;假装在娱乐;城市异化排行榜;爱过。
333    @a相关读者
606 0  @a文摘@y中国@j丛刊
606 0  @a文摘
690    @aC55@v5
711 02 @a新周刊杂志社@9xin zhou kan za zhi she@4选编
801  0 @aCN@b人天书店@c20131231
905    @b846174-78@dC55@e272@f5
    
    《新周刊》2013年度佳作.不明觉厉/《新周刊》杂志社选编.-桂林:漓江出版社,2014.01
    357页:图;23cm
    使用对象:相关读者
    
    ISBN 978-7-5407-6881-2:CNY35.00
    本书共分为五部分,主要内容包括:不明觉历;悲观是我们共同的信仰;假装在娱乐;城市异化排行榜;爱过。
●
相关链接 在E读中查询图书 在五车中查询图书 在当当中查询图书 在豆瓣中查询图书


正题名:《新周刊》2013年度佳作     索取号:C55/272         预约/预借

序号 登录号 条形码 馆藏地/架位号 状态 备注
1 846174   208461742   第一样本阅览室/ [索取号:C55/272] 在馆    
2 846175   208461751   第一借阅区/ [索取号:C55/272] 在馆    
3 846176   208461760   第一借阅区/ [索取号:C55/272] 在馆    
4 846177   208461779   第一借阅区/ [索取号:C55/272] 在馆    
5 846178   208461788   第一借阅区/ [索取号:C55/272] 在馆    
唐山师范学院图书馆 欢迎您!
大连网信软件有限公司© 版权所有